| 000 | 00456nam a2200193Ia 4500 | ||
|---|---|---|---|
| 005 | 20250423095134.0 | ||
| 008 | 250422s9999 xx 000 0 und d | ||
| 020 | _a9780205638604 | ||
| 050 | _aLB 1051 .S615/ | ||
| 100 | _aSlawin, Robert E. | ||
| 245 | 0 | _aEducational psychology : theory and practice | |
| 250 | _a9th ed. | ||
| 260 | _aNew Jersey | ||
| 260 | _bPearson | ||
| 260 | _c2009 | ||
| 300 | _a570 p | ||
| 650 | _aEducation | ||
| 942 | _cBK | ||
| 999 |
_c29356 _d29356 |
||